000 00923nam a2200265Ia 4500
003 OSt
005 20220930074418.0
006 a|||||r|||| 00| 0
007 ta
008 220926b |||||||| |||| 00| 0 eng d
024 _a74221
037 _cTheses
040 _aCRL
_cCRL
_beng
041 _2eng
_aeng
100 _aKrishna H M
_9533770
110 _aUniversity of Delhi. Faculty of Medical Sciences. Department of Anaesthesiology
_9519568
245 0 _aEvaluation of bupivacaine - epinephrine test dose to confirm correct placement of caudal epidural injection in pediatric surgical patients
260 _c2002
300 _a72p.
_ap.
_ccm.
650 _aANESTHETICS
_9519569
700 _a Sehgal Raminder Gu.
_9533771
700 _aUniversity of Delhi. Faculty of Medical Sciences. Department of Anaesthesiology
_9519571
942 _cDIS
_2CC
999 _c866456
_d866456